| 000 | 00716nam a2200217 a 4500 | ||
|---|---|---|---|
| 001 | 000025003 | ||
| 005 | 20200930023513.0 | ||
| 008 | 110208s1968 sp r 000 0 spa d | ||
| 040 |
_aDO-SdBNP _bspa _cBNPHU |
||
| 082 |
_aNNN _bM538e, 1968 |
||
| 100 | 1 |
_aMéndez Pidal, Ramón _d1869- 1968 _951312 |
|
| 245 | 1 | 0 |
_aEspaña, eslabón entre la Cristiandad y el Islam / _cRamón Menéndez Pidal. |
| 250 | _a2a ed. | ||
| 260 |
_aMadrid : _bEspasa-Calpe, _c1968. |
||
| 300 |
_a168, [16] p. ; _c18 cm. |
||
| 490 | 1 |
_aAustral. Verde: ensayos y filosofía _v1280 |
|
| 504 | _aIncluye bibliografía | ||
| 500 | _aIncluye índice de autores | ||
| 830 | 0 |
_aAustral. _pVerde: ensayos y filosofía; _v1280 _98733 |
|
| 049 | _aBNGR | ||
| 999 |
_c24496 _d24496 |
||